| 000 | 00621nam a22002057a 4500 | ||
|---|---|---|---|
| 999 |
_c16441 _d16441 |
||
| 003 | AR-CdUCM | ||
| 008 | 190503b ||||| |||| 00| 0 spa d | ||
| 040 |
_aMUNICIPALIDAD PROVINCIAL DEL CUSCO _cBIBLIOTECA MUNICIPAL DEL CUSCO |
||
| 082 |
_24ed. _a863 / _bC29 |
||
| 100 |
_aCastelar, Emilio _935889 |
||
| 245 | _aRicardo / | ||
| 260 |
_aBuenos Aires ; _bSopena Argentina, _c1939. |
||
| 300 |
_a141 paginas ; _c22 cm. |
||
| 440 |
_aBiblioteca mundial Sopena _910296 |
||
| 505 | _aContenido :Novela / | ||
| 650 |
_aLiteratura argentina _984 |
||
| 650 |
_aNovela _95 |
||
| 942 |
_2ddc _cLIBROS |
||
| 945 |
_arjall _d2019-05-03 |
||